000 01096nam0a22002771 4500
001 rc\4157029
005 20250611112802.0
021 _aRU
_b[52-19231]
035 _a(NLR Aleph) 008173820
090 _a7871469
_c7871469
100 _a20130415d1952 |||y0rusy50 ca
101 0 _arus
102 _aRU
105 _aa z |||||
200 1 _aУзкопленочные звуковые киноустановки [16-ЗП-5, 16-ЗП-6, 16-ЗП-5М, "Украина"]
_eОписание аппаратуры и иллюстрации
_e[Учеб. пособие для школ киномехаников]
_fПод общ. ред. К.В. Плетникова
210 _aМосква
_cГоскиноиздат
_d1952
215 _a96 с., 56 отд. л. ил.
_d22
606 _aКиноустановки звуковые, узкопленочные
_2psbo
700 1 _aРябчук
_bА.Ф.
701 1 _aЮрьев
_bА.М.
702 1 _aПлетников
_bК.В.
_4340
801 0 _aRU
_bNLR
_gpsbo
801 1 _aRU
_bELAR
_2rusmarc
852 _aNLR
_jТ76 Г-5/57
942 _cBOOK
980 _aNB